000 00803nam a2200265Ia 4500
003 GCL
008 140319s9999 xx 000 0 ara d
040 _aGCL /
_cGCL
082 0 4 _a502
_bع ع
100 1 _aجرجس حلمى عازر
245 1 0 _aالثقافة العلمية للجماهير /
_cجرجس حلمى عازر
260 _a[S.N] :
_bالهيئة المصرية العامة للكتاب ،
_c1990
300 _a99
490 _aالعلم والحياة
_v0
650 0 4 _aالتعليم
650 0 4 _aالتليفزيون
650 0 4 _aالاجتماع
650 0 4 _aالصحافة
650 0 4 _aالسينما
650 0 4 _aالمعارضة ( سياسة )
650 0 4 _aالاذاعة
650 0 4 _aالندوات
650 0 4 _aالمؤتمرات
942 _2ddc
_cBK
999 _c30784
_d30784